Southville International School and Colleges
Your cart is empty.
  • Cart
  • Lists
    Public lists Eva Luna New books Lux_list list_1
    Your lists Log in to create your own lists
  • Log in to your account
  • Your cookies
  • Search history
Southville International School and Colleges
  • Advanced search
  • Recent comments
  • Most popular
  • Libraries

Log in to your account

Log in with GOOGLE


If you do not have an external account, but do have a local account, you can still log in:

  1. Home
  2. MARC view: Two gentlemen of Verona /
Normal view MARC view ISBD view

Two gentlemen of Verona / (Record no. 287841)

[ view plain ]
MARC details
000 -LEADER
fixed length control field 00525nam a2200181Ia 4500
008 - FIXED-LENGTH DATA ELEMENTS--GENERAL INFORMATION
fixed length control field 150610s9999 xx 000 0 und d
020 ## - INTERNATIONAL STANDARD BOOK NUMBER
International Standard Book Number 1853262986
050 ## - LIBRARY OF CONGRESS CALL NUMBER
Classification number PR2838
Item number Sh15 1996
100 ## - MAIN ENTRY--PERSONAL NAME
Personal name Shakespeare, William, 1564-1616
245 ## - TITLE STATEMENT
Title Two gentlemen of Verona /
Statement of responsibility, etc William Shakespeare.
260 ## - PUBLICATION, DISTRIBUTION, ETC. (IMPRINT)
Place of publication, distribution, etc [S.l.] :
Name of publisher, distributor, etc Wordsworth Classics,
Date of publication, distribution, etc 1996.
300 ## - PHYSICAL DESCRIPTION
Extent 78pages ;
Dimensions 20 cm.
504 ## - BIBLIOGRAPHY, ETC. NOTE
Bibliography, etc Includes glossary.
520 ## - SUMMARY, ETC.
Summary, etc Drama.
650 ## - SUBJECT ADDED ENTRY--TOPICAL TERM
Topical term or geographic name as entry element Comedies
650 ## - SUBJECT ADDED ENTRY--TOPICAL TERM
Topical term or geographic name as entry element Exiles
General subdivision Drama.
650 ## - SUBJECT ADDED ENTRY--TOPICAL TERM
Topical term or geographic name as entry element Verona (Italy)
General subdivision Drama.
Holdings
Withdrawn status Lost status Damaged status Home library Current library Shelving location Date acquired Total Checkouts Full call number Barcode Date last seen Price effective from Koha item type
      Stonyhurst Southville International School (Batangas) Stonyhurst Southville International School (Batangas) High School Section 06/10/2015   PR2838 Sh15 1996 US-0845 06/10/2015 06/10/2015 Books

Two gentlemen of Verona /

APA

Shakespeare W. 1., . (1996). Two gentlemen of Verona. [S.l.]: Wordsworth Classics.

Chicago

Shakespeare William 1564-1616, . 1996. Two gentlemen of Verona. [S.l.]: Wordsworth Classics.

Harvard

Shakespeare W. 1., . (1996). Two gentlemen of Verona. [S.l.]: Wordsworth Classics.

MLA

Shakespeare William 1564-1616, . Two gentlemen of Verona. [S.l.]: Wordsworth Classics. 1996.

  • Place hold
  • Print
  • Cite
  • Add to your cart (remove)
  • Save record
    BIBTEX Dublin Core MARCXML MARC (non-Unicode/MARC-8) MARC (Unicode/UTF-8) MARC (Unicode/UTF-8, Standard) MODS (XML) RIS
  • More searches
    Search for this title in:
    Other Libraries (WorldCat) Other Databases (Google Scholar) Online Stores (Bookfinder.com) Open Library (openlibrary.org)

Exporting to Dublin Core...

SOUTHVILLE LIBRARY

Southville International School and Colleges Library

1281 Tropical Ave. Cor. Luxembourg St., BF Homes International, Las Pinas City

Tel. No. 8256374 / 252358 Loc. 117/146

Powered by Koha